000 00525nam a2200181Ia 4500
005 20250320065917.0
008 240331s9999 xx 000 0 und d
020 _a9551040236
082 _bTRI
_26528
_a362.5
245 0 _aTriangulation Squared :
_bAssessing Impacts of the Poverty Impacts Monitoring Unit
260 _aColombo,
_bCentre for Poverty Analysis
_c2005
300 _a304 p., (Volume 3)
650 _aPoverty
650 _aResearch
700 _aGunetilleke, N
_eedt
700 _aJafferjee, A
_eedt
942 _cL
999 _c4411
_d4411